[Event "Niteroi op 3rd"]
[Site "Niteroi"]
[Date "2023.09.06"]
[Round "4"]
[White "Marge, Matheus Andre"]
[Black "Da Cunha, Fabio Barbosa"]
[Result "0-1"]
[WhiteElo "1597"]
[BlackElo "2077"]
[PlyCount "40"]
[EventDate "2023.09.04"]
[EventType "swiss"]
[EventRounds "9"]
[EventCountry "BRA"]
[SourceTitle "EXT 2024"]
[Source "ChessBase"]
[SourceDate "2023.10.10"]
[SourceVersion "1"]
[SourceVersionDate "2023.10.10"]
[SourceQuality "1"]

1. e4 c5 2. Nf3 Nc6 3. d4 cxd4 4. Nxd4 Nf6 5. Nxc6 bxc6 6. Bd3 e5 7. c4 Bc5 8. 0-0 h6 9. Nd2 0-0 10. Nf3 d6 11. h3 Rb8 12. Rb1 a5 13. a4 Be6 14. Bd2 Rb7 15. Qc1 Rb3 16. Bc2 Rxf3 17. gxf3 Bxh3 18. Re1 Ng4 19. fxg4 Qh4 20. Kh2 Bf1+ 0-1

[Event "Niteroi op 3rd"]
[Site "Niteroi"]
[Date "2023.09.05"]
[Round "3"]
[White "Ferreira de Souza, Ricardo"]
[Black "Marge, Matheus Andre"]
[Result "0-1"]
[WhiteElo "1370"]
[BlackElo "1597"]
[PlyCount "62"]
[EventDate "2023.09.04"]
[EventType "swiss"]
[EventRounds "9"]
[EventCountry "BRA"]
[SourceTitle "EXT 2024"]
[Source "ChessBase"]
[SourceDate "2023.10.10"]
[SourceVersion "1"]
[SourceVersionDate "2023.10.10"]
[SourceQuality "1"]

1. e4 e5 2. f4 d6 3. Nf3 Nf6 4. Bc4 Bg4 5. d3 Nc6 6. 0-0 Nd4 7. c3 Nxf3+ 8. gxf3 Bh5 9. f5 d5 10. Bb3 dxe4 11. Ba4+ c6 12. Qb3 b5 13. Bxb5 Qb6+ 14. d4 cxb5 15. Be3 exd4 16. cxd4 Bxf3 17. Nd2 Be2 18. Rfe1 Bd3 19. Bg5 Qxd4+ 20. Be3 Qd5 21. Qc3 Bd6 22. Bd4 0-0 23. Bxf6 Bc5+ 24. Kg2 e3+ 25. Nf3 gxf6 26. Qxf6 Qxf5 27. Qc3 Rac8 28. h3 Be4 29. Rf1 Rfd8 30. Rad1 Rxd1 31. Rxd1 Qxf3+ 0-1

[Event "Florianopolis op 4th"]
[Site "Florianopolis"]
[Date "2018.01.20"]
[Round "2"]
[White "Marge, Matheus Andre"]
[Black "Feller, Isadora Cristina Vi"]
[Result "1-0"]
[WhiteElo "1547"]
[BlackElo "1205"]
[PlyCount "73"]
[EventDate "2018.01.19"]
[EventType "swiss"]
[EventRounds "10"]
[EventCountry "BRA"]
[SourceTitle "CBM 182 Extra"]
[Source "ChessBase"]
[SourceDate "2018.02.23"]
[SourceVersion "1"]
[SourceVersionDate "2018.02.23"]
[SourceQuality "1"]

1. d4 Nf6 2. c4 e6 3. Nc3 Bb4 4. Nf3 0-0 5. e3 Bxc3+ 6. bxc3 d5 7. Bd3 Nc6 8. 0-0 Re8 9. Re1 e5 10. dxe5 Nxe5 11. Nxe5 Rxe5 12. f4 Rh5 13. Be2 Rh6 14. cxd5 Qd6 15. Qd4 c5 16. Qd3 g6 17. e4 Qc7 18. e5 c4 19. Qd4 Ne8 20. f5 g5 21. Bxg5 Rb6 22. d6 Qc6 23. Bf3 Qb5 24. Qg4 Qc5+ 25. Be3+ Ng7 26. Bxc5 Bxf5 27. Qg5 Rb5 28. Bd4 a6 29. Bg4 Bg6 30. d7 Rd5 31. Bb6 h6 32. Qe7 Kh7 33. Rad1 Bd3 34. Qxf7 h5 35. Bxh5 Kh6 36. Rxd3 cxd3 37. Qg6# 1-0

[Event "Muriae op 4th"]
[Site "Muriae"]
[Date "2017.03.25"]
[Round "2"]
[White "Ribeiro, Marcelo Mendes Pint"]
[Black "Marge, Matheus Andre"]
[Result "1/2-1/2"]
[WhiteElo "1803"]
[BlackElo "1547"]
[PlyCount "87"]
[EventDate "2017.03.25"]
[EventType "swiss"]
[EventRounds "5"]
[EventCountry "BRA"]
[SourceTitle "CBM 177 Extra"]
[Source "ChessBase"]
[SourceDate "2017.04.27"]
[SourceVersion "1"]
[SourceVersionDate "2017.04.27"]
[SourceQuality "1"]

1. e4 c5 2. Nf3 e6 3. Nc3 Nc6 4. d4 cxd4 5. Nxd4 a6 6. Nxc6 bxc6 7. Bd3 Bb4 8. Bd2 d5 9. exd5 cxd5 10. a3 Bd6 11. Qg4 g6 12. Qd4 Nf6 13. Bg5 e5 14. Bxf6 exd4 15. Bxd8 dxc3 16. Bf6 cxb2 17. Bxb2 Rg8 18. 0-0 Bb7 19. Rfe1+ Kd7 20. c4 dxc4 21. Bxc4 Rgf8 22. Rad1 Kc7 23. Be5 Bxe5 24. Rxe5 Rfe8 25. Rxe8 Rxe8 26. Bxf7 Re7 27. Bc4 Rd7 28. Rxd7+ Kxd7 29. h4 Kd6 30. f4 a5 31. Bb3 Bd5 32. Bc2 Kc5 33. f5 gxf5 34. Bxf5 h6 35. g4 Kb5 36. g5 hxg5 37. hxg5 Ka4 38. Kf2 Kxa3 39. Ke3 Kb2 40. Bd7 Kc3 41. g6 Kb4 42. Kd4 Bg8 43. g7 a4 44. Bxa4 1/2-1/2

[Event "Florianopolis op 3rd"]
[Site "Florianopolis"]
[Date "2017.01.26"]
[Round "10"]
[White "Engel, Franciele Carolina"]
[Black "Marge, Matheus Andre"]
[Result "0-1"]
[WhiteElo "1286"]
[BlackElo "1607"]
[PlyCount "32"]
[EventDate "2017.01.20"]
[EventType "swiss"]
[EventRounds "10"]
[EventCountry "BRA"]
[SourceTitle "EXT 2018"]
[Source "ChessBase"]
[SourceDate "2017.10.13"]
[SourceVersion "1"]
[SourceVersionDate "2017.10.13"]
[SourceQuality "1"]

1. e4 e5 2. Nf3 Nf6 3. Nc3 Nc6 4. Bc4 Bc5 5. d3 0-0 6. Bg5 a6 7. Nd5 Be7 8. Nxe7+ Qxe7 9. Qd2 d6 10. 0-0-0 Be6 11. Nh4 g6 12. f4 Bxc4 13. dxc4 Rfd8 14. Qe3 h6 15. Bxf6 Qxf6 16. g3 exf4 0-1

[Event "Juiz de Fora op"]
[Site "Juiz de Fora"]
[Date "2016.11.04"]
[Round "1"]
[White "Marge, Matheus Andre"]
[Black "Molina, Roberto Junio Brito"]
[Result "0-1"]
[WhiteElo "1586"]
[BlackElo "2446"]
[PlyCount "34"]
[EventDate "2016.11.04"]
[EventType "swiss"]
[EventRounds "6"]
[EventCountry "BRA"]
[SourceTitle "CBM 175 Extra"]
[Source "ChessBase"]
[SourceDate "2016.12.12"]
[SourceVersion "1"]
[SourceVersionDate "2016.12.12"]
[SourceQuality "1"]

1. d4 Nf6 2. c4 g6 3. Nc3 d5 4. Nf3 Bg7 5. Bf4 dxc4 6. e4 c5 7. Bxb8 Rxb8 8. Qa4+ Bd7 9. Qxa7 cxd4 10. Nxd4 b5 11. 0-0-0 Qc8 12. Ndxb5 Bxb5 13. Nxb5 Rxb5 14. Qa4 Qc6 15. Bxc4 Bh6+ 16. Rd2 Rc5 17. Qxc6+ Rxc6 0-1

[Event "Sao Sebastiao do Paraiso op"]
[Site "Sao Sebastiao do Paraiso"]
[Date "2016.10.21"]
[Round "1"]
[White "Ramos, Bruce Vicente"]
[Black "Marge, Matheus Andre"]
[Result "1-0"]
[WhiteElo "2004"]
[BlackElo "1627"]
[PlyCount "81"]
[EventDate "2016.10.21"]
[EventType "swiss"]
[EventRounds "5"]
[EventCountry "BRA"]
[SourceTitle "CBM 175 Extra"]
[Source "ChessBase"]
[SourceDate "2016.12.12"]
[SourceVersion "1"]
[SourceVersionDate "2016.12.12"]
[SourceQuality "1"]

1. Nf3 d5 2. d4 c5 3. e3 Nf6 4. c4 Bg4 5. Nc3 e6 6. cxd5 exd5 7. Bb5+ Nc6 8. Qa4 Bxf3 9. Bxc6+ bxc6 10. Qxc6+ Nd7 11. gxf3 cxd4 12. Nxd5 Rc8 13. Qa4 Qg5 14. Qxd4 Rc5 15. Qe4+ Qe5 16. Nc3 Qxe4 17. Nxe4 Rc7 18. Bd2 Ne5 19. Ke2 Rc2 20. Rhc1 Rxb2 21. Rab1 Rxb1 22. Rxb1 Nc6 23. Rb7 Be7 24. Rc7 Nd8 25. Rxa7 f5 26. Nc3 0-0 27. Rxe7 Nc6 28. Rc7 Nb4 29. a4 Rd8 30. Rc4 Nc2 31. Nb5 Na1 32. Nd4 Rb8 33. a5 Nb3 34. Nxb3 Rxb3 35. Ra4 Rb8 36. a6 Kf8 37. a7 Ra8 38. Bc3 g6 39. Bd4 Ke8 40. Rb4 Kd7 41. Rb8 1-0

[Event "Ipatinga op"]
[Site "Ipatinga"]
[Date "2016.07.24"]
[Round "5"]
[White "De Paula, Patrick Borges"]
[Black "Marge, Matheus Andre"]
[Result "0-1"]
[WhiteElo "1906"]
[BlackElo "1599"]
[PlyCount "36"]
[EventDate "2016.07.22"]
[EventType "swiss"]
[EventRounds "5"]
[EventCountry "BRA"]
[SourceTitle "EXT 2017"]
[Source "ChessBase"]
[SourceDate "2016.10.25"]
[SourceVersion "1"]
[SourceVersionDate "2016.10.25"]
[SourceQuality "1"]

1. f4 d5 2. Nf3 Bg4 3. e3 Nf6 4. b3 Nc6 5. Bb5 Qd7 6. c4 a6 7. Ba4 e6 8. h3 Bxf3 9. Qxf3 dxc4 10. bxc4 0-0-0 11. d4 Kb8 12. 0-0 Nxd4 13. Qd1 Nc6 14. Qb3 Bc5 15. Rd1 Qxd1+ 16. Qxd1 Rxd1+ 17. Bxd1 Rd8 18. Be2 Nd4 0-1

[Event "Juiz de Fora Summer op"]
[Site "Juiz de Fora"]
[Date "2015.08.23"]
[Round "5"]
[White "Marge, Matheus Andre"]
[Black "De Oliva e Silva, Ramses"]
[Result "1-0"]
[WhiteElo "1767"]
[BlackElo "1387"]
[PlyCount "55"]
[EventDate "2015.08.21"]
[EventType "swiss"]
[EventRounds "6"]
[EventCountry "BRA"]
[SourceTitle "EXT 2016"]
[Source "ChessBase"]
[SourceDate "2015.10.08"]
[SourceVersion "1"]
[SourceVersionDate "2015.10.08"]
[SourceQuality "1"]

1. d4 Nf6 2. c4 g6 3. Nc3 Bg7 4. Nf3 0-0 5. e4 d6 6. Bd3 c5 7. d5 Na6 8. a3 Bg4 9. 0-0 Nd7 10. Be2 Ne5 11. Bd2 Bxf3 12. gxf3 f5 13. f4 Nd7 14. Kh1 fxe4 15. Qc2 Rf5 16. Nxe4 Nf6 17. Ng3 Qd7 18. Nxf5 gxf5 19. Rg1 Ng4 20. Bxg4 fxg4 21. Rae1 h5 22. Re6 Nc7 23. Rg6 Kh8 24. Bc3 Ne8 25. Rh6+ Kg8 26. Qg6 e5 27. fxe5 Qf7 28. Rh8+ 1-0

[Event "Juiz de Fora Summer op"]
[Site "Juiz de Fora"]
[Date "2015.08.22"]
[Round "3"]
[White "De Freitas, Leandro Henrique"]
[Black "Marge, Matheus Andre"]
[Result "1/2-1/2"]
[WhiteElo "1670"]
[BlackElo "1767"]
[PlyCount "79"]
[EventDate "2015.08.21"]
[EventType "swiss"]
[EventRounds "6"]
[EventCountry "BRA"]
[SourceTitle "EXT 2016"]
[Source "ChessBase"]
[SourceDate "2015.10.08"]
[SourceVersion "1"]
[SourceVersionDate "2015.10.08"]
[SourceQuality "1"]

1. c4 c5 2. Nc3 Nc6 3. g3 g6 4. Bg2 Bg7 5. Nf3 Nf6 6. 0-0 0-0 7. Rb1 e6 8. d3 d5 9. e3 d4 10. exd4 cxd4 11. Ne2 e5 12. a3 Re8 13. Bg5 h6 14. Bxf6 Qxf6 15. Nd2 Bf5 16. Ne4 Bxe4 17. Bxe4 Rac8 18. b4 b6 19. f4 Qd6 20. fxe5 Nxe5 21. Nf4 f5 22. Bg2 Ng4 23. Qb3 Kh7 24. Nd5 Be5 25. Rbe1 Bxg3 26. c5 Bf2+ 27. Rxf2 Qxh2+ 28. Kf1 Rxe1+ 29. Kxe1 Qg1+ 30. Rf1 Re8+ 31. Be4 Qg3+ 32. Kd1 Kg7 33. Qb2 fxe4 34. Qxd4+ Qe5 35. Qxe5+ Rxe5 36. dxe4 Rxd5+ 37. exd5 Ne3+ 38. Ke2 Nxf1 39. Kxf1 Kf7 40. Kf2 1/2-1/2

[Event "Juiz de Fora Summer op"]
[Site "Juiz de Fora"]
[Date "2015.08.22"]
[Round "4"]
[White "Marge, Matheus Andre"]
[Black "Lennard, Anthony"]
[Result "0-1"]
[WhiteElo "1767"]
[BlackElo "2120"]
[PlyCount "46"]
[EventDate "2015.08.21"]
[EventType "swiss"]
[EventRounds "6"]
[EventCountry "BRA"]
[SourceTitle "EXT 2016"]
[Source "ChessBase"]
[SourceDate "2015.10.08"]
[SourceVersion "1"]
[SourceVersionDate "2015.10.08"]
[SourceQuality "1"]

1. d4 Nf6 2. c4 e5 3. Nc3 exd4 4. Qxd4 Nc6 5. Qd1 Bc5 6. Nf3 0-0 7. Bg5 h6 8. Bh4 Re8 9. e3 d6 10. Nd5 g5 11. Nxg5 Nxd5 12. Qxd5 hxg5 13. Bxg5 Bb4+ 14. Kd1 Be6 15. Bxd8 Bxd5 16. cxd5 Nxd8 17. Bd3 f6 18. a3 Ba5 19. h4 Nf7 20. Bg6 Re7 21. Bxf7+ Kxf7 22. Rc1 Re5 23. Ke2 Rxd5 0-1